Is there a long-run relationship between population growth and living standards?: the case of India (Record no. 41772)

000 -LEADER
fixed length control field 00542pab a2200181 454500
008 - FIXED-LENGTH DATA ELEMENTS--GENERAL INFORMATION
fixed length control field 180718b1998 xxu||||| |||| 00| 0 eng d
100 ## - MAIN ENTRY--PERSONAL NAME
Personal name Dawson, P.J.
245 ## - TITLE STATEMENT
Title Is there a long-run relationship between population growth and living standards?: the case of India
260 ## - PUBLICATION, DISTRIBUTION, ETC.
Date of publication, distribution, etc. 1998
300 ## - PHYSICAL DESCRIPTION
Extent p.149-56
362 ## - DATES OF PUBLICATION AND/OR SEQUENTIAL DESIGNATION
Dates of publication and/or sequential designation Jun
650 ## - SUBJECT ADDED ENTRY--TOPICAL TERM
Topical term or geographic name entry element Standard of living - India
650 ## - SUBJECT ADDED ENTRY--TOPICAL TERM
Topical term or geographic name entry element India - Population increase
650 ## - SUBJECT ADDED ENTRY--TOPICAL TERM
Topical term or geographic name entry element Population increase
700 ## - ADDED ENTRY--PERSONAL NAME
Personal name Tiffin, Richard
773 ## - HOST ITEM ENTRY
Main entry heading Journal of Development Studies
909 ## -
-- 41772
Holdings
Withdrawn status Lost status Damaged status Not for loan Permanent Location Current Location Date acquired Serial Enumeration / chronology Barcode Date last seen Price effective from Koha item type
        Indian Institute of Public Administration Indian Institute of Public Administration 2018-07-19 Volume no: 34, Issue no: 5 AR42148 2018-07-19 2018-07-19 Articles

Powered by Koha